| 000 | 00928nam a2200301 i 4500 | ||
|---|---|---|---|
| 001 | 019599636 | ||
| 003 | EG-ScBUE | ||
| 005 | 20230306043400.0 | ||
| 008 | 191024s2020 enk f 000 1 eng d | ||
| 020 | _a9780241376928 (pbk.) | ||
| 035 | _a(WlAbNL)99990997302419 | ||
| 040 |
_aStDuBDS _beng _erda _cStDuBDS _dWlAbNL _dUk _dEG-ScBUE |
||
| 082 | 0 | 4 |
_a813.6 _222 _bMCM |
| 100 | 1 |
_aMcManus, Karen M., _eauthor. |
|
| 245 | 1 | 0 |
_aOne of us is next / _cKaren M. McManus. |
| 264 | 1 |
_aLondon : _bPenguin Books, _c2020. |
|
| 300 |
_a375 pages ; _c20 cm |
||
| 336 |
_atext _btxt _2rdacontent |
||
| 337 |
_aunmediated _bn _2rdamedia |
||
| 338 |
_avolume _bnc _2rdacarrier |
||
| 650 | 7 |
_aTruth or dare (Game) _vFiction. _2BUEsh |
|
| 653 |
_bHHUUEENN _cMarch2023 |
||
| 655 | _vReading book | ||
| 776 | 0 | 8 |
_iebook version : _z9780241376935 |
| 942 |
_2ddc _cBB |
||
| 999 |
_c30209 _d30180 |
||